El socialismo cubano : perspectivas y desafíos /
Guardado en:
| Hovedforfatter: | |
|---|---|
| Format: | Ukendt |
| Fag: | |
| Tags: |
Tilføj Tag
Ingen Tags, Vær først til at tagge denne postø!
|
MARC
| LEADER | 000000000a22000000004500 | ||
|---|---|---|---|
| 001 | 004854 | ||
| 100 | 1 | |a Martínez Heredia, Fernando, |d 1939- | |
| 245 | 1 | 3 | |a El socialismo cubano : |b perspectivas y desafíos / |c Fernando Martínez Heredia. |
| 650 | 4 | |a CUBA | |
| 650 | 4 | |a SOCIALISMO | |
| 650 | 4 | |a SUBDESARROLLO | |
| 650 | 4 | |a REVOLUCION CUBANA | |
| 650 | 4 | |a MARXISMO | |
| 650 | 4 | |a GEOPOLITICA | |
| 650 | 4 | |a IDEOLOGIA | |
| 650 | 4 | |a ECONOMIA | |
| 650 | 4 | |a CAPITALISMO | |
| 650 | 4 | |a PODER POPULAR | |
| 650 | 4 | |a CASTRO, FIDEL | |
| 650 | 4 | |a CONGRESO | |
| 650 | 4 | |a POLITICA | |
| 773 | 0 | |d Costa Rica |t 50 aniversario de la Universidad de Costa Rica |g número 49-50 (1990), páginas 413-160 | |
| 942 | |c ARC | ||
| 999 | |c 11538 |d 11538 | ||
